The divine comedy / (Record no. 22458)

MARC details
000 -LEADER
campo de control de longitud fija 00633nam a2200205 i 4500
001 - NÚMERO DE CONTROL
campo de control 22458
003 - IDENTIFICADOR DE NÚMERO DE CONTROL
campo de control ES-MaACL
005 - FECHA Y HORA DE LA ÚLTIMA TRANSACCIÓN
campo de control 20240127062958.0
007 - CAMPO FIJO DE DESCRIPCIÓN FÍSICA--INFORMACIÓN GENERAL
campo de control de longitud fija t|
008 - DATOS DE LONGITUD FIJA--INFORMACIÓN GENERAL
campo de control de longitud fija 021203s1986 gw ||||1| ger d
100 0# - ENTRADA PRINCIPAL--NOMBRE DE PERSONA
Nombre de persona Dante Alighieri,
Fechas asociadas al nombre 1265-1321
9 (RLIN) 42657
245 14 - MENCIÓN DEL TÍTULO
Título The divine comedy /
Mención de responsabilidad, etc. of Dante Alighieri ; translated by Henry Wadsworth Longfellow.
260 ## - PUBLICACIÓN, DISTRIBUCIÓN, ETC.
Lugar de publicación, distribución, etc. Leipzig :
Nombre del editor, distribuidor, etc. Bem Tanchmitz,
Fecha de publicación, distribución, etc. 1986.
300 ## - DESCRIPCIÓN FÍSICA
Extensión 2 t. en 1 v. ;
Dimensiones 16 cm.
490 1# - MENCIÓN DE SERIE
Mención de serie Brist authors
700 1# - ENTRADA AGREGADA--NOMBRE PERSONAL
Nombre de persona Wadsworth Longfellow, Henry.
9 (RLIN) 115816
830 1# - PUNTO DE ACCESO ADICIONAL DE SERIE-TÍTULO UNIFORME
Título uniforme Brist authors
9 (RLIN) 182074
852 ## - LOCALIZACIÓN
Ubicación ES-MaACL
Número de control de estantería G-12420
Holdings
Estatus retirado Estado de pérdida Estado de daño No para préstamo Biblioteca de origen Biblioteca actual Ubicación en estantería Fecha de adquisición Fuente de adquisición Total de préstamos Signatura topográfica completa Código de barras Visto por última vez Precio de reemplazo Tipo de ítem Koha
        Biblioteca del Ateneo de Madrid Biblioteca del Ateneo de Madrid Sala Pecera Planta 3 17/01/2008     G-12420 1023118 23/02/2023 23/02/2023 Libro impreso